<?xml version="1.0" encoding="UTF-8"?><?xml-stylesheet type="text/xsl" href="static/style.xsl"?><OAI-PMH xmlns="http://www.openarchives.org/OAI/2.0/" xmlns:xsi="http://www.w3.org/2001/XMLSchema-instance" xsi:schemaLocation="http://www.openarchives.org/OAI/2.0/ http://www.openarchives.org/OAI/2.0/OAI-PMH.xsd"><responseDate>2026-05-11T09:57:12Z</responseDate><request verb="GetRecord" identifier="oai:gredos.usal.es:10366/68942" metadataPrefix="marc">https://gredos.usal.es/oai/request</request><GetRecord><record><header><identifier>oai:gredos.usal.es:10366/68942</identifier><datestamp>2025-04-30T21:08:06Z</datestamp><setSpec>com_10366_68546</setSpec><setSpec>com_10366_4666</setSpec><setSpec>com_10366_3823</setSpec><setSpec>col_10366_68547</setSpec></header><metadata><record xmlns="http://www.loc.gov/MARC21/slim" xmlns:doc="http://www.lyncode.com/xoai" xmlns:xsi="http://www.w3.org/2001/XMLSchema-instance" xmlns:dcterms="http://purl.org/dc/terms/" xsi:schemaLocation="http://www.loc.gov/MARC21/slim http://www.loc.gov/standards/marcxml/schema/MARC21slim.xsd">
<leader>00925njm 22002777a 4500</leader>
<datafield tag="042" ind1=" " ind2=" ">
<subfield code="a">dc</subfield>
</datafield>
<datafield tag="720" ind1=" " ind2=" ">
<subfield code="a">López Jiménez, Luis</subfield>
<subfield code="e">author</subfield>
</datafield>
<datafield tag="260" ind1=" " ind2=" ">
<subfield code="c">1985</subfield>
</datafield>
<datafield tag="520" ind1=" " ind2=" ">
<subfield code="a">Si tomamos como fechas de referencia para el Renacimiento Literario del Sur de los Estados Unidos las de king en su libro A Soutern Renaissance: the Cultural Awakening of the South, 1930-1955, vemos que las obras más importantes de William Faulkner están publicadas dentro del período comprendido entre esas dos fechas o apenas antecediéndolo, alcanzando su cumbre en 1949 cuando se le concedió el Premio Nobel de Literatura</subfield>
</datafield>
<datafield tag="024" ind2=" " ind1="8">
<subfield code="a">López-Jiménez, L. (1985). Faulkner: Un escritor dentro del Renacimiento del Sur. Aula, 1, 15-27.</subfield>
</datafield>
<datafield tag="024" ind2=" " ind1="8">
<subfield code="a">0214-3402</subfield>
</datafield>
<datafield tag="024" ind2=" " ind1="8">
<subfield code="a">http://hdl.handle.net/10366/68942</subfield>
</datafield>
<datafield ind1=" " ind2=" " tag="653">
<subfield code="a">Pedagogía</subfield>
</datafield>
<datafield ind1=" " ind2=" " tag="653">
<subfield code="a">Education</subfield>
</datafield>
<datafield tag="245" ind1="0" ind2="0">
<subfield code="a">Faulkner: Un escritor dentro del Renacimiento del Sur</subfield>
</datafield>
</record></metadata></record></GetRecord></OAI-PMH>